Class I Railroads - Statistics

General Stats
  • This quiz has been taken 103 times
  • The average score is 7 of 8
Answer Stats
Railroad % Correct
Norfolk Southern Railway
99%
Union Pacific Railroad
99%
BNSF Railway
96%
CSX Transportation
93%
Canadian Pacific Railway
85%
Canadian National
83%
Kansas City Southern Railway
75%
Amtrak
64%
No matching quizzes found
Score Distribution
Percent of People with Each Score
Percentile by Number Answered
Your Score History
You have not taken this quiz